| 000 | 00609nam a22001937a 4500 | ||
|---|---|---|---|
| 003 | OSt | ||
| 005 | 20251216080120.0 | ||
| 008 | 251216b |||||||| |||| 00| 0 eng d | ||
| 020 | _a1-56052-611-4. | ||
| 040 |
_aDWCL-Main lib _cOC |
||
| 082 | _aCirc. 658.302 C752e 2005 | ||
| 100 | _aConlow, Rick | ||
| 245 |
_aExcellence in supervision : _bessential skills for the new supervisor _cConlow, Rick |
||
| 260 |
_aMenlo Park, Calif. : _bCrisp Learning, _cc2005. |
||
| 300 |
_aviii, 110 pages : _billustration ; _c25 cm. |
||
| 650 | _21. Supervision. | ||
| 650 | _22. Supervisors, | ||
| 942 |
_2ddc _cBK-CIRC _kCirc. _n0 |
||
| 999 |
_c7128 _d7128 |
||